00000000nam 2200000zi 4500
0019.954369
003CaOODSP
00520250821105922
006m     o  d f      
007cr |n ||||||||
008250821e197912##onc     ob   f001 0 eng d
040 |aCaOODSP|beng|erda|cCaOODSP
041 |aeng|afre
043 |an-cn---
0861 |aM40-70/1979-PDF
24500|aCatalogue of open files of the Geological Survey of Canada = |bCatalogue des dossiers publics de la Commission Géologique du Canada.
24611|aCatalogue des dossiers publics de la Commission Géologique du Canada
24614|aOpen file catalogue
264 1|a[Ottawa] : |bGeological Survey of Canada = Commission géologique du Canada, |cDecember 1979.
300 |a1 online resource (34 pages)
336 |atext|btxt|2rdacontent
337 |acomputer|bc|2rdamedia
338 |aonline resource|bcr|2rdacarrier
500 |aDigitized edition from print [produced by Natural Resources Canada].
500 |aIncludes indexes.
546 |aSome text parallel in English and French.
650 0|aGeology|zCanada|vBibliographies.
655 7|aBibliographies|2lcgft
7102 |aGeological Survey of Canada, |eissuing body.
7101 |aCanada. |bEnergy, Mines and Resources Canada, |eissuing body.
788 |tCatalogue of open files of the Geological Survey of Canada = |efre|w(CaOODSP)9.954374
85640|qPDF|s6230 KB|uhttps://publications.gc.ca/collections/collection_2025/rncan-nrcan/M40-70-1979.pdf